Least Populous Countries With a Billionaire - Statistics

General Stats
  • This quiz has been taken 91 times
    71 since last reset
  • The average score is 8 of 15
Answer Stats
Population Billionaires Answer % Correct
<0.1m 4 Monaco
95%
<0.1m 1 Liechtenstein
90%
5.7m 21 Singapore
87%
0.4m 1 Iceland
61%
4.9m 8 Ireland
59%
5.4m 14 Norway
56%
5.5m 7 Finland
54%
0.9m 6 Cyprus
51%
5.0m 2 New Zealand
49%
0.1m 2 St. Kitts and Nevis
48%
4.4m 4 Kuwait
41%
5.5m 1 Slovakia
28%
4.7m 3 Oman
25%
1.1m 1 Eswatini
10%
3.7m 1 Georgia
10%
No matching quizzes found
Score Distribution
Percent of People with Each Score
Percentile by Number Answered
Your Score History
You have not taken this quiz since the last reset